Представление документа в формате MARC21

Поле Инд. ПП Название Значение
Тип записи a
Библиографический уровень m
001 Контрольный номер UNIDUBNAb21a4c4e71c740018b11e83194df7e27
005 Дата корректировки 20260529164325.7
008 Кодируемые данные 20260529
022 a ISSN 1814-9545
084 a Индекс другой классификации/Индекс ББК 74
090 a Полочн. индекс 95.2
099 a Индекс 82950
245 a Заглавие Вопросы образования
n Номер части/ раздела №1/2026
b Продолж. заглавия ежеквартальный научно-образовательный журнал
c Ответственность учредитель: Нац. исслед. ун-т "Высшая школа экономики"; гл. ред. Я.И. Кузьминов
260 c Дата издания 2026
b Издательство НИУ ВШЭ
a Место издания Москва
300 a Объем 120 с.
500 a Примечание Журнал
650 a Основная рубрика образование; педагогика
773 w Контрольный № источника RU/IS/BASE/404923252
901 t Тип документа s
952 a Тип литературы для КСУ ВШ НЖ
991 s 2